[Event "Medellin Cuartas Memorial B"]
[Site "Medellin"]
[Date "2011.08.05"]
[Round "3.47"]
[White "Encizo Mona, Orlando"]
[Black "Bracho Mendoza, Ana Isabel"]
[Result "1-0"]
[WhiteElo "1600"]
[BlackElo "1569"]
[PlyCount "23"]
[EventDate "2011.08.03"]
[EventType "swiss"]
[EventRounds "8"]
[EventCountry "COL"]
[SourceTitle "EXT 2024"]
[Source "ChessBase"]
[SourceDate "2023.10.10"]
[SourceVersion "1"]
[SourceVersionDate "2023.10.10"]
[SourceQuality "1"]

1. e4 c6 2. d4 d5 3. Nc3 dxe4 4. Nxe4 Bf5 5. Ng3 Bg6 6. Nf3 h6 7. Ne5 Bh7 8. Bc4 e6 9. 0-0 Nf6 10. Qe2 Be7 11. Nxf7 Qc7 12. Nxh8 1-0